ბათუმის შოთა რუსთაველის სახელმწიფო უნივერსიტეტის ბიბლიოთეკა

გლობალიზაციის პროცესი და ეროვნული კულტურები : დისერტაცია / (ბიბ.ჩანაწერი № 51964)

000 -ლიდერი
ფიქსირებული სიგრძის საკონტროლო ველი 01488nam a2200253Ia 4500
001 - საკონტროლო ნომერი
საკონტროლო ველი 18965
003 - საკონტროლო ნომრის იდენტიფიკატორი
საკონტროლო ველი GE_BSU
005 - ბოლო ოპერაციის თარიღი და დრო
საკონტროლო ველი 20220920103436.0
008 - ფიქსირებული სიგრძის მონაცემთა ელემენტები - ზოგადი ინფორმაცია
ფიქსირებული სიგრძის საკონტროლო ველი 181216s2012||||ge |||||||||||||| ||geo||
040 ## - კატალოგიზაციის წყარო
Transcribing agency GE_BSU
041 ## - ენის კოდი
Language code of text/sound track or separate title geo
080 ## - უნივერსალური ათობითი კლასიფიკაციის ინდექსი
Universal Decimal Classification number 7 ჯ-71
100 ## - მთავარი ჩანაწერი - პიროვნების სახელი
Personal name ჯორბენაძე, მამუკა
9 (RLIN) 11685
245 ## - ცნობა სათაურის შესახებ
Title გლობალიზაციის პროცესი და ეროვნული კულტურები : დისერტაცია /
Statement of responsibility, etc მამუკა ჯორბენაძე; სამეცნიერო ხელმძღვანელი ა. ყულიჯანაშვილი, ე. მესხია; ბათუმის შოთა რუსთაველის სახ-ფო უნ-ტი.
264 ## - წარმოების, გამოცემის, დისტრიბუციის და სხვა ცნობები
გამოცემის, წარმოების, დისტრიბუციის... ადგილი ბათუმი,
გამოცემის, წარმოების, დისტრიბუციის... თარიღი 2012.
300 ## - ფიზიკური აღწერა
Extent 237 გვ.;
Other physical details 30 სმ.
653 ## - INDEX TERM--UNCONTROLLED
Uncontrolled term გლობალიზაციის პროცესი და ეროვნული კულტურები
653 ## - INDEX TERM--UNCONTROLLED
Uncontrolled term დისერტაცია
653 ## - INDEX TERM--UNCONTROLLED
Uncontrolled term ხელოვნება
700 ## - ADDED ENTRY--PERSONAL NAME
Personal name ყულიჯანაშვილი, ა.
Relator term სამეცნიერო ხელმძღვანელი
9 (RLIN) 11686
700 ## - ADDED ENTRY--PERSONAL NAME
Personal name მესხია, ე.
Relator term სამეცნიერო ხელმძღვანელი
9 (RLIN) 11687
710 ## - ADDED ENTRY--CORPORATE NAME
Corporate name or jurisdiction name as entry element ბათუმის შოთა რუსთაველის სახ-ფო უნ-ტი
9 (RLIN) 11688
942 ## - ADDED ENTRY ELEMENTS (KOHA)
Koha item type წიგნი
Source of classification or shelving scheme
ეგზემპლარები
ჩამოწერის სტატუსი დაკარგული ეგზემპლარის სტატუსი კლასიფიკაციის წყარო ან თაროზე გაწყობის სქემა დაზიანების სტატუსი არ გაიცემა მუდმივი მდებარეობა (დაცვის ადგილი) ამჟამინდელი ადგილსამყოფელი შეძენის თარიღი სრული შენახვის შიფრი შტრიხკოდი ბოლო ოპერაციის თარიღი ეგზემპლარის მიმდევრობითი ნომერი (კეტერი?) ფასის ძალაში შესვლის თარიღი ეგზემპლარის სახეობა
        შიდა ფონდი ბათუმის შოთა რუსთაველის სახელმწიფო უნივერსიტეტის მთავარი ბიბლიოთეკა ბათუმის შოთა რუსთაველის სახელმწიფო უნივერსიტეტის მთავარი ბიბლიოთეკა 2018-12-17 7 ჯ-71 104 დისერტ. 2018-12-17 104 2018-12-17 დისერტაცია